|
|
|
|
| LEADER |
01626nam a2200337 a 4500 |
| 001 |
636106 |
| 003 |
BD-DhAAL |
| 005 |
20211129144008.0 |
| 008 |
090618r2007 enka b 001 0 eng d |
| 999 |
|
|
|c 2344
|d 2344
|
| 010 |
|
|
|a 93037548
|
| 020 |
|
|
|a 052154548X
|
| 020 |
|
|
|a 9780521545488
|
| 040 |
|
|
|a DLC
|c DLC
|d DLC
|d BD-DhAAL
|
| 082 |
0 |
0 |
|a 512.02
|2 20
|
| 100 |
1 |
|
|a Bhattacharya, P. B.
|q (Phani Bhushan),
|d 1914-
|9 34811
|
| 245 |
1 |
0 |
|a Basic abstract algebra /
|c P.B. Bhattacharya, S.K. Jain, S.R. Nagpaul.
|
| 250 |
|
|
|a Second edition
|
| 260 |
|
|
|a Cambridge ;
|a New York :
|b Cambridge University Press,
|c 1995 [reprinted 2007].
|
| 300 |
|
|
|a xx, 487 p. :
|b ill. ;
|c 24 cm.
|
| 504 |
|
|
|a Includes bibliographical references (p. 476) and index.
|
| 526 |
|
|
|a BIED
|
| 541 |
1 |
|
|a Complimentary copy from BIED
|e 00018619, 35500
|
| 650 |
|
0 |
|a Algebra, Abstract.
|9 34812
|
| 700 |
1 |
|
|a Jain, S. K.
|q (Surender Kumar),
|d 1938-
|9 34813
|
| 700 |
1 |
|
|a Nagpaul, S. R.
|9 34814
|
| 852 |
4 |
|
|a Ayesha Abed Library
|j BIED Collection
|
| 942 |
|
|
|2 ddc
|c BK
|
| 952 |
|
|
|0 0
|1 0
|2 ddc
|4 0
|6 512_020000000000000_BHA_2007
|7 0
|9 2168
|a BRACUL
|b BRACUL
|c GEN
|d 2009-07-13
|g 775.00
|l 5
|m 47
|o 512.02 BHA
|p 3010018619
|q 2026-06-02
|r 2026-05-17
|s 2026-05-17
|t 1
|w 2009-07-13
|y BK
|
| 952 |
|
|
|0 0
|1 0
|2 ddc
|4 0
|6 512_020000000000000_BHA
|7 0
|9 9864
|a BRACUL
|b BRACUL
|c GEN
|d 2019-09-17
|e Complimentary copy from BIED
|l 4
|m 12
|o 512.02 BHA
|p 3010035500
|r 2025-01-19
|s 2024-10-28
|t 3
|y BK
|x Transferred from BIED to General Stacks
|
| 952 |
|
|
|0 0
|1 0
|2 ddc
|4 0
|6 512_020000000000000_BHA
|7 0
|9 66360
|a BRACUL
|b BRACUL
|c GEN
|d 2016-09-28
|l 2
|m 23
|o 512.02 BHA
|p 3010018620
|r 2025-09-11
|s 2025-08-25
|t 2
|v 28.00
|w 2019-09-17
|y BK
|